Statystyki dla TOP 10 piosenek - Young Multi

Kliknij tutaj aby rozwiązać quiz!

Ogólne statystyki

  • Ten quiz został rozwiązany 450 razy
  • Średni wynik to 5 z 10

Statystyki odpowiedzi

#viewsutwór% Poprawnych
135 mlnPlecak
99%
327 mlnPogba
85%
519 mlnDiamenty
61%
718 mlnNie Wiem
58%
817 mlnKim Ty Jesteś
38%
230 mlnDelfin
33%
1011 mlnNowy Sezon
29%
422 mlnSuperman
24%
912 mlnGucci Mane
21%
619 mlnDADDYSHOES
19%

Rozkład punktacji

Percentyl według liczby udzielonych odpowiedzi

Procent ludzi z każdym wynikiem

Twoja historia wyników

Nie rozwiązałeś tego quizu